Subcategory Multiple Choice: Entertainment II Quiz Stats

 Plays Quiz Updated Nov 3, 2017

Challenge
Share
Tweet
Embed
Score 0/14 Timer 04:00
14 Plays Today
Question Answer Wrong Answers
Cartoons
The catchphrase 'What's up, Doc?' is used by which Looney Tunes character?
Bugs Bunny
89.3%
Yosemite Sam
0.7%
Tweety
0.9%
Elmer Fudd
1.5%
Superhero
'Bruce Banner' is the alter-ego of which superhero?
Hulk
82.6%
Batman
6%
Spider-Man
1.6%
Captain America
2.8%
Musical
In which musical would the songs 'Feed the Birds (Tuppence a Bag)' and 'Let's Go Fly a Kite' appear?
Mary Poppins
73.7%
Bedknobs and Broomsticks
5.9%
The Sound of Music
7.3%
Chitty Chitty Bang Bang
8.5%
Celebrity
Which celebrity's name at birth was 'Reginald Dwight'?
Elton John
70.7%
Jack White
7.9%
Woody Allen
10.3%
Mickey Rooney
8.8%
Show
To which TV show does the catchphrase 'respect my authoritah' belong?
South Park
70.5%
The Simpsons
3.5%
Family Guy
9.3%
Futurama
10.9%
Golden Globes
Which actor has won the most Golden Globe awards?
Meryl Streep
69.4%
Tom Hanks
22.8%
Leonardo DiCaprio
4%
Julia Roberts
3.6%
Comic Books
Which character is often credited with instigating the era of the 'Golden Age of Comic Books' in the late 1930s?
Superman
67.8%
Captain America
11.7%
Batman
11.8%
Wonder Woman
2.3%
Anime
What was the first anime film to win the 'Best Animated Picture' Academy award?
Spirited Away
55.2%
Princess Mononoke
15.7%
Ghost in the Shell
8.1%
Akira
14.1%
Marvel
Which of the following characters belongs in the 'Marvel' universe?
Groot
54.6%
Aquaman
10.8%
The Flash
19.3%
Hellboy
7.9%
DC Comics
The initials 'DC' of DC Comics originated from what term?
Detective Comics
52.8%
Diamond Comics
16.4%
Dastardly Comics
6.4%
Dark Comics
17.2%
Famous
Who spoke the famous last words 'Thomas Jefferson still lives!'?
John Adams
51.5%
Thomas Jefferson
30%
George Washington
6.7%
George III of the United Kingdom
8.3%
Animation
What was the first full-length cel-animated feature film?
Snow White and the Seven Dwarfs
46.6%
Fantasia
17.6%
Steamboat Willie
24%
Pinocchio
4.1%
Quote
'You make me want to be a better man,' is a quote from which film?
As Good As it Gets
44.1%
Jerry Maguire
32.1%
You've Got Mail
9%
Say Anything...
8.6%
Broadway
What is the longest-running Broadway show (by number of performances)?
Phantom of the Opera
35.6%
Cats
49.9%
Grease
2.4%
The Lion King
6.8%

You're not logged in!

Compare scores with friends on all Sporcle quizzes.
OR
Log In

You Might Also Like...

Show Comments

Extras

Top Quizzes Today


Score Distribution

Your Account Isn't Verified!

In order to create a playlist on Sporcle, you need to verify the email address you used during registration. Go to your Sporcle Settings to finish the process.

Report this User

Report this user for behavior that violates our Community Guidelines.

Details: